Mastering VMware vSphere 6.5: (Record no. 196834)

MARC details
000 -LEADER
fixed length control field 00927nam a2200253Ia 4500
003 - CONTROL NUMBER IDENTIFIER
control field OSt
005 - DATE AND TIME OF LATEST TRANSACTION
control field 20260113161626.0
008 - FIXED-LENGTH DATA ELEMENTS--GENERAL INFORMATION
fixed length control field 210716s2017 xx 000 0 und d
020 ## - INTERNATIONAL STANDARD BOOK NUMBER
International Standard Book Number 9781787286016
040 ## - CATALOGING SOURCE
Transcribing agency AIMIT LIBRARY
041 ## - LANGUAGE CODE
Language code of text/sound track or separate title eng
082 ## - DEWEY DECIMAL CLASSIFICATION NUMBER
Classification number 621.3991
Item number MAUA
100 ## - MAIN ENTRY--PERSONAL NAME
Personal name Mauro, Andrea.
9 (RLIN) 251148
245 ## - TITLE STATEMENT
Title Mastering VMware vSphere 6.5:
Remainder of title leverage the powerof vSphere for effective virtualization administration management and monitoring of data centers /
Statement of responsibility, etc. By Andrea Mauro , Paolo Valsecchi and Karel Novak.
250 ## - EDITION STATEMENT
Edition statement 1st ed.
260 ## - PUBLICATION, DISTRIBUTION, ETC.
Place of publication, distribution, etc. Mumbai :
Name of publisher, distributor, etc. Packt Publishing Ltd ,
Date of publication, distribution, etc. 2017.
300 ## - PHYSICAL DESCRIPTION
Extent xi,575 p.;
Other physical details PB
Dimensions 24.5 cm.
650 ## - SUBJECT ADDED ENTRY--TOPICAL TERM
Topical term or geographic name entry element Configuring and managing vsphere 6.5
9 (RLIN) 251149
650 ## - SUBJECT ADDED ENTRY--TOPICAL TERM
Topical term or geographic name entry element Advanced network management
9 (RLIN) 251150
650 ## - SUBJECT ADDED ENTRY--TOPICAL TERM
Topical term or geographic name entry element Advanced storage management
9 (RLIN) 251151
700 ## - ADDED ENTRY--PERSONAL NAME
Personal name Valsecchi, Paolo.
9 (RLIN) 251152
700 ## - ADDED ENTRY--PERSONAL NAME
Personal name Novak, Karel.
9 (RLIN) 251153
942 ## - ADDED ENTRY ELEMENTS (KOHA)
Source of classification or shelving scheme Dewey Decimal Classification
Koha item type Book
Call number prefix 621.3991 MAUA
Holdings
Withdrawn status Lost status Damaged status Not for loan Collection code Home library Current library Source of acquisition Cost, normal purchase price Total Checkouts Full call number Barcode Date last seen Cost, replacement price Price effective from Koha item type
        MCA St Aloysius Institute of Management & Information Technology St Aloysius Institute of Management & Information Technology Knowledge World 1499.00   621.3991 MAUA MCA16349 07/21/2025 1124.25 07/16/2021 Book